| 000 | 00442nam a2200181Ia 4500 | ||
|---|---|---|---|
| 001 | 20157 | ||
| 005 | 20260306172745.0 | ||
| 008 | 260306t2012||||xx |||||||||||||| ||spa|| | ||
| 041 | _aESP | ||
| 082 |
_a342.8 _bG23 |
||
| 100 |
_aGarcimartín Alférez, Francisco J. _eAUT |
||
| 245 | 0 | _aDerecho internacional privado | |
| 260 | _c2012 | ||
| 300 |
_a469 páginas : _c23 cm. |
||
| 650 | _aGEN | ||
| 654 | _aCDE | ||
| 942 |
_cLIB _dJUS _fJUS _2ddc _n |
||
| 999 |
_c20157 _d20157 |
||